| 000 | 01158cam a2200301 a 4500 | ||
|---|---|---|---|
| 005 | 20230512125607.0 | ||
| 008 | 050225s2005 enka b 001 0 eng | ||
| 010 | _a 2005043328 | ||
| 020 | _a1843764253 (hbk.) | ||
| 040 |
_aDLC _cDLC _dDLC |
||
| 042 | _apcc | ||
| 050 | 0 | 0 |
_aHF1359 _b.I583 2005 |
| 082 | 0 | 0 |
_a337.1 _222 _bINT |
| 100 | _aLisa L.Martin | ||
| 245 | 0 | 0 |
_aInternational institutions in the new global economy / _cedited by Lisa L. Martin. |
| 260 |
_aCheltenham, UK ; _aNorthampton, MA : _bEdward Elgar Pub., _cc2005. |
||
| 300 |
_axv, 616 p. : _bill. ; _c26 cm. |
||
| 500 | _aSelections of articles from various sources. | ||
| 504 | _aIncludes bibliographical references and index. | ||
| 504 | _aIncludes bibliographical references and index. | ||
| 650 | 0 | _aInternational economic relations. | |
| 650 | 0 | _aInternational agencies. | |
| 650 | 0 | _aInternational organization. | |
| 700 | 1 |
_aMartin, Lisa L., _d1961- |
|
| 906 |
_a7 _bcbc _corignew _d1 _eocip _f20 _gy-gencatlg |
||
| 999 |
_c18339 _d18339 |
||